| 000 | 00471nam a2200193Ia 4500 | ||
|---|---|---|---|
| 008 | 210210b1961 xxu||||| |||| 00| 0 eng d | ||
| 041 | _aeng | ||
| 082 | _a387/8 | ||
| 100 | _aHARVEY (J H) | ||
| 245 | _aTeach yourself commercial arithmetic | ||
| 260 |
_aLondon _bThe English Universities Press Ltd. _c1961 |
||
| 300 | _a203 | ||
| 650 | _ayourself | ||
| 650 | _aTeach | ||
| 650 | _acommercial | ||
| 650 | _aarithmetic | ||
| 690 | _aArithmetics | ||
| 906 | _a005652 | ||
| 999 |
_c125676 _d125676 |
||